000 00465nam a2200193Ia 4500
008 170705s9999 xx 000 0 und d
020 _a9780531284636
245 _aHenry Ford :
245 _bfather of the auto industry /
245 _cby Josh Gregory.
260 _aNew York :
260 _bChildren's Press,
260 _c2014
300 _a48 pages :
300 _bcolor illustration ;
300 _c22cm.
440 _aA true book.
500 _a960
999 _c337058
_d337058